000 01428cam a22003857a 4500
003 CHAP
005 20220329141802.0
008 971013s1978 r 00010 d
010 _a73803
011 _a74775
035 _a84334
040 _cCHAP
090 _aTesis
100 0 0 _aGarrido Lozano, Enrique.
_946954
245 0 _aEnraizamiento de estacas de manzano m.m. 106, tratadas con ácido indolacético (AIA) y ácido indolbutírico (AIB) en 3 tipos de estacas a una temperatura de 21 C en la base
260 _aChapingo, Méx. :
_bEl autor,
_c1978
300 _a66 h.
_b: ilus.
502 _aTesis (Ing. Agr. Esp. en Fitotecnia) -- ENA. Departamento de Fitotecnia
590 _aALEPH
_b10
_c20130110
_lUCH01
_h1417
590 _aBATCH-UPD
_b10
_c20130110
_lUCH01
_h1641
590 _aBATCH-UPD
_b10
_c20130410
_lUCH01
_h1031
590 _aBATCH-UPD
_b10
_c20130914
_lUCH01
_h0341
590 _aCONVERSION
_b10
_c20130109
_lUCH01
_h1340
650 1 4 _aAcido indolacético.
_9589
650 1 4 _aAcido indolbutírico.
_9590
650 1 4 _aManzana
_xPropagación.
_970798
650 1 4 _aPlantas
_xCrecimiento
_xAditivos.
_988804
650 1 4 _aTemperatura
_xEfecto en plantas.
_9112219
901 _aBK
942 _cLIBRO
949 _bBC
_cTES
_d-39600
_eLIBRO
_i84334
_si
949 _bBC
_cTES
_d-39602
_eLIBRO
_fc.2
_i84334
_si
949 _bBC
_cTES
_d-39604
_eLIBRO
_fc.3
_i84334
_si
949 _bBC
_cTES
_d-39605
_eLIBRO
_fc.4
_i84334
_si
999 _c73803
_d73803